Tri thức dân gian trong trồng trọt của người Nùng Dín tỉnh Lào Cai /

Đã lưu trong:
Sonraí Bibleagrafaíochta
Príomhúdar: Vàng Thung Chúng.
Formáid: Sách giấy
Teanga:Vietnamese
Foilsithe: H. : Hội nhà văn, 2017.
Ábhair:
Clibeanna: Cuir Clib Leis
Gan Chlibeanna, Bí ar an gcéad duine leis an taifead seo a chlibeáil!
Thư viện lưu trữ: Thư viện Trường Đại học Đà Lạt
LEADER 01592nam a2200325 4500
001 DLU180184711
005 ##20180507
020 # # |a 9786045394908 
040 # # |a DLU  |b vie 
041 # # |a vie 
044 # # |a vn 
082 # # |a 305.895 922  |b VA-C 
100 # # |a Vàng Thung Chúng. 
245 # # |a Tri thức dân gian trong trồng trọt của người Nùng Dín tỉnh Lào Cai /  |c Vàng Thung Chúng. 
260 # # |a H. :  |b Hội nhà văn,  |c 2017. 
300 # # |a 287 tr. ;  |c 21 cm. 
504 # # |a Tài liệu tham khảo: tr. 277-279. 
505 # # |a Chương I. Khái quát chung về địa bàn cư trú, khai thác môi trường tự nhiên trồng trọt và sử dụng sản phẩm các loại cây nông nghiệp truyền thống phục vụ đời sống người Nùng Dín -- Chương II. Tri thức dân gian về canh tác và sử dụng sản phẩm các loại cây nông nghiệp của người Nùng Dín Lào Cai -- Chương III. Giá trị, vai trò của tri thức dân gian trong việc trồng trọt, sử dụng sản phẩm các loại cây nông nghiệp truyền thống và việc bảo tồn, phát huy giá trị các tri thức đó trong việc xây dựng nông thôn mới hiện nay ở địa phương. 
650 # # |a Nùng (Dân tộc Đông Nam Á)  |z Việt Nam  |z Lào Cai  |x Đời sống xã hội và tập quán. 
923 # # |a 01/2018 
991 # # |a SH 
992 # # |a 11000 
994 # # |a DLU 
900 # # |a True 
911 # # |a Nguyễn Thanh Hương 
925 # # |a G 
926 # # |a A 
927 # # |a SH 
980 # # |a Thư viện Trường Đại học Đà Lạt